000 00615nam a2200241Ia 4500
003 OSt
005 20221007063021.0
006 a|||||r|||| 00| 0
007 ta
008 221006b |||||||| |||| 00| 0 eng d
024 _a8,301
037 _cTextual
040 _aFLL
_cFLL
_beng
041 _2eng
_aeng
082 _aZ2,5, N5
100 _aPillai's P S A Au.
_9683698
245 0 _aCriminal law
250 _a8th
260 _aBombay
_bN.M. tripathi Private limited India
_c1995
300 _a664p
_ccm.
942 _hZ2,5, N5
_cTEXL
_2CC
999 _c1130115
_d1130115